000 00266nam a2200097Ia 4500
008 240331s9999 xx 000 0 und d
082 _bREA
100 _aThe Reader's Digest Associationt. ed
245 4 _aThe reader's great encyclopaedic dictionary :
_bVol.1
942 _cL
999 _c3275
_d3275